000 00404nam a2200157Ia 4500
008 160316s2003 xxu||||| |||| 00| 0 eng d
082 _a342.540200
_bJAI-I
100 _aJain M P
245 _aIndian constitutional law Vol. I
250 _a5th
260 _aNagpur
_bWadhwa and Co.
_c2003
300 _a1389p
_b
_cccvi
365 _b Rs.1,295
650 _a1.Constitutional Law - India
700 _a
_a
999 _c22468
_d22468